000 00855nam a22002057a 4500
999 _c13985
_d13985
003 AR-CdUCM
008 190417b ||||| |||| 00| 0 spa d
040 _aMUNICIPALIDAD PROVINCIAL DEL CUSCO
_cBIBLIOTECA MUNICIPAL DEL CUSCO
082 _a616.075 /
_bN75
100 _aNoguer Molins, Luis
_932640
245 _aExploración clínica /
260 _aMéxico D. F. :
_bNacional,
_c1973.
300 _a411 páginas ;
_bIlustraciones,
_c17 cm.
505 _aContenido: Lineas, eminencias, zonas, fosas, espacios, puntos de la superficie del cuerpo humano desde el punto de vista clínica -- Proyección topográfica normal de los órganos del interior del cuerpo -- Exploración clínica, generalidades ...
650 _aMedicina
_93637
650 _aDiagnóstico
_922238
650 _aClínica
_932641
942 _2ddc
_cLIBROS
945 _aacv
_d2019-04-17